Odgadnij państwo po pierwszej i ostatniej literze - Statystyki

Ogólne statystyki
  • Ten quiz został rozwiązany 87 razy
    77 od ostatniego zresetowania
  • Średni wynik to 20 z 30
Statystyki odpowiedzi
Pierwsza litera Ostatnia litera Kraj % Poprawnych
J N Jemen
97%
U J Urugwaj
83%
I K Irak
78%
Z A Zambia
78%
C R Cypr
76%
F Y Filipiny
76%
L S Laos
76%
B Z Bangladesz
74%
H S Honduras
74%
W M Wietnam
72%
C D Czad
71%
D I Dżibuti
67%
I E Indie
67%
E R Ekwador
66%
P J Paragwaj
66%
B E Belize
64%
K R Katar
62%
N R Niger
62%
E T Egipt
60%
G N Gabon
60%
I L Izrael
60%
M Y Malediwy
60%
N L Nepal
59%
B S Barbados
57%
C E Chile
55%
L G Luksemburg
55%
S L Senegal
55%
W N Watykan
55%
K Y Komory
43%
M R Madagaskar
36%
Nie znaleziono quizów pasujących do podanych kryteriów
Rozkład punktacji
Procent ludzi z każdym wynikiem
Percentyl według liczby udzielonych odpowiedzi
Twoja historia wyników
Nie rozwiązałeś tego quizu od ostatniego zresetowania